Premier League Captains 2022-23 - Statistics

General Stats
  • This quiz has been taken 40 times
  • The average score is 11 of 20
Answer Stats
Team Answer % Correct
Manchester United Harry Maguire
91%
Liverpool Jordan Henderson
91%
Manchester City Ilkay Gundogan
88%
Tottenham Hugo Lloris
85%
Arsenal Martin Odegaard
82%
Chelsea Cesar Azpilicueta
76%
West Ham Declan Rice
68%
Brighton Lewis Dunk
68%
Wolves Ruben Neves
65%
Everton Seamus Coleman
65%
Southampton James Ward-Prowse
62%
Aston Villa John McGinn
56%
Newcastle United Jamaal Lascelles
53%
Leeds United Liam Cooper
47%
Leicester City Jonny Evans
38%
Brentford Pontus Jansson
38%
Crystal Palace Luka Milivojevic
35%
Fulham Tom Cairney
21%
AFC Bournemouth Lloyd Kelly
9%
Nottingham Forest Joe Warrall
0%
No matching quizzes found
Score Distribution
Percent of People with Each Score
Percentile by Number Answered
Your Score History
You have not taken this quiz